Zásada opatrnosti v súčasnom účtovníctve diplomová práca

Salvato in:
Dettagli Bibliografici
Autore principale: Kurková, Andrea
Ente Autore: Fakulta hospodárskej informatiky EU. Katedra účtovníctva a audítorstva
Altri autori: Pakšiová, Renáta, 1974-
Natura: Libro
Lingua:slovacco
Pubblicazione: Bratislava 2014
Tags: Aggiungi Tag
Nessun Tag, puoi essere il primo ad aggiungerne!!

MARC

LEADER 00000nbm a2200000 4500
001 0188596
005 20170201104714.2
041 0 |a slo 
044 |a SK 
245 1 0 |a Zásada opatrnosti v súčasnom účtovníctve  |b diplomová práca  |c Andrea Kurková ; školiteľ: Renáta Pakšiová 
264 1 |a Bratislava  |c 2014 
300 |a 76 s. 
100 1 |a Kurková, Andrea 
700 1 |a Pakšiová, Renáta, 1974- 
710 2 |a Fakulta hospodárskej informatiky EU. Katedra účtovníctva a audítorstva